| 000 -LEADER |
| fixed length control field |
04853cam a22011417a 4500 |
| 001 - CONTROL NUMBER |
| control field |
5116581 |
| 003 - CONTROL NUMBER IDENTIFIER |
| control field |
LIBRIS |
| 005 - DATE AND TIME OF LATEST TRANSACTION |
| control field |
20210419053703.0 |
| 008 - FIXED-LENGTH DATA ELEMENTS--GENERAL INFORMATION |
| fixed length control field |
011211s1983 xxu|||||||||||000 0|eng|c |
| 020 ## - INTERNATIONAL STANDARD BOOK NUMBER |
| International Standard Book Number |
0674517741 |
| Qualifying information |
inb. |
| 020 ## - INTERNATIONAL STANDARD BOOK NUMBER |
| International Standard Book Number |
0674517768 |
| Qualifying information |
hft. |
| 040 ## - CATALOGING SOURCE |
| Original cataloging agency |
U |
| Description conventions |
a |
| Transcribing agency |
DLC |
| 041 ## - LANGUAGE CODE |
| Language code of text/sound track or separate title |
eng |
| 080 ## - UNIVERSAL DECIMAL CLASSIFICATION NUMBER |
| Universal Decimal Classification number |
94 |
| Item number |
B-48 |
| 082 #4 - DEWEY DECIMAL CLASSIFICATION NUMBER |
| Classification number |
340 |
| Item number |
.09 |
| Edition number |
19 |
| 084 ## - OTHER CLASSIFICATION NUMBER |
| Classification number |
Oet |
| Number source |
kssb/7 |
| 084 ## - OTHER CLASSIFICATION NUMBER |
| Classification number |
O:d |
| Number source |
kssb/7 |
| 084 ## - OTHER CLASSIFICATION NUMBER |
| Classification number |
Oet |
| Number source |
kssb/6 |
| 084 ## - OTHER CLASSIFICATION NUMBER |
| Classification number |
O:d |
| Number source |
kssb/6 |
| 084 ## - OTHER CLASSIFICATION NUMBER |
| Classification number |
Oe:d |
| Number source |
kssb/5 |
| 084 ## - OTHER CLASSIFICATION NUMBER |
| Classification number |
Dgaoe |
| Number source |
kssb/5 |
| 084 ## - OTHER CLASSIFICATION NUMBER |
| Classification number |
Oet |
| Number source |
kssb/6 |
| 084 ## - OTHER CLASSIFICATION NUMBER |
| Classification number |
Oet |
| Number source |
kssb/5 |
| 084 ## - OTHER CLASSIFICATION NUMBER |
| Classification number |
Oet:dg |
| Number source |
kssb/6 |
| 084 ## - OTHER CLASSIFICATION NUMBER |
| Classification number |
O:d |
| Number source |
kssb/6 |
| 084 ## - OTHER CLASSIFICATION NUMBER |
| Classification number |
Dgoe |
| Number source |
kssb/6 |
| 084 ## - OTHER CLASSIFICATION NUMBER |
| Classification number |
Oet |
| Number source |
kssb/6 |
| 084 ## - OTHER CLASSIFICATION NUMBER |
| Classification number |
Oet |
| Number source |
kssb/6 |
| 084 ## - OTHER CLASSIFICATION NUMBER |
| Classification number |
O:d |
| Number source |
kssb/6 |
| 084 ## - OTHER CLASSIFICATION NUMBER |
| Classification number |
Dgoe |
| Number source |
kssb/6 |
| 084 ## - OTHER CLASSIFICATION NUMBER |
| Classification number |
Oet |
| Number source |
kssb/5 |
| 084 ## - OTHER CLASSIFICATION NUMBER |
| Classification number |
Oid |
| Number source |
kssb/5 |
| 084 ## - OTHER CLASSIFICATION NUMBER |
| Classification number |
Oet |
| Number source |
kssb/6 |
| 084 ## - OTHER CLASSIFICATION NUMBER |
| Classification number |
O:d |
| Number source |
kssb/6 |
| 084 ## - OTHER CLASSIFICATION NUMBER |
| Classification number |
Oet |
| Number source |
kssb/5 |
| 084 ## - OTHER CLASSIFICATION NUMBER |
| Classification number |
O:d |
| Number source |
kssb/5 |
| 084 ## - OTHER CLASSIFICATION NUMBER |
| Classification number |
Oe |
| Number source |
kssb/6 |
| 100 1# - MAIN ENTRY--PERSONAL NAME |
| Personal name |
Berman, Harold J. |
| 245 00 - TITLE STATEMENT |
| Title |
Law and revolution : |
| Remainder of title |
the formation of the Western legal tradition / |
| Statement of responsibility, etc. |
Harold J. Berman. |
| 264 #1 - PRODUCTION, PUBLICATION, DISTRIBUTION, MANUFACTURE, AND COPYRIGHT NOTICE |
| Place of production, publication, distribution, manufacture |
Cambridge, Mass. |
| Name of producer, publisher, distributor, manufacturer |
Harvard Univ. Press, |
| Date of production, publication, distribution, manufacture, or copyright notice |
1983 |
| 300 ## - PHYSICAL DESCRIPTION |
| Extent |
viii, 657 s. |
| Other physical details |
kart. |
| 650 #7 - SUBJECT ADDED ENTRY--TOPICAL TERM |
| Topical term or geographic name entry element |
R�ttshistoria |
| Authority record control number or standard number |
https://id.kb.se/term/sao/R%C3%A4ttshistoria |
| Source of heading or term |
sao |
| 650 #0 - SUBJECT ADDED ENTRY--TOPICAL TERM |
| Topical term or geographic name entry element |
Law |
| General subdivision |
History and criticism |
| 653 ## - INDEX TERM--UNCONTROLLED |
| Uncontrolled term |
სამართალი |
| 653 ## - INDEX TERM--UNCONTROLLED |
| Uncontrolled term |
ისტორია |
| 653 ## - INDEX TERM--UNCONTROLLED |
| Uncontrolled term |
სამართლის ისტორია |
| 887 ## - NON-MARC INFORMATION FIELD |
| Content of non-MARC field |
{"@id":"cvnfn6rp2w7wzww","modified":"2012-01-23T13:59:38+01:00","checksum":"52199525985"} |
| Source of data |
librisxl |
| 887 ## - NON-MARC INFORMATION FIELD |
| Content of non-MARC field |
{"@id":"v05s7s315djzsbk","modified":"2018-06-05T17:55:07.972+02:00","checksum":"40160206877"} |
| Source of data |
librisxl |
| 887 ## - NON-MARC INFORMATION FIELD |
| Content of non-MARC field |
{"@id":"w16t8t422m19k15","modified":"2017-02-16T10:09:49+01:00","checksum":"38946430645"} |
| Source of data |
librisxl |
| 887 ## - NON-MARC INFORMATION FIELD |
| Content of non-MARC field |
{"@id":"04b86rz5426d0fh","modified":"2007-12-21T14:13:17+01:00","checksum":"35511629976"} |
| Source of data |
librisxl |
| 887 ## - NON-MARC INFORMATION FIELD |
| Content of non-MARC field |
{"@id":"x27v9v5303rk1mm","modified":"2018-06-05T17:55:07.978+02:00","checksum":"29456917853"} |
| Source of data |
librisxl |
| 887 ## - NON-MARC INFORMATION FIELD |
| Content of non-MARC field |
{"@id":"z38wbw643k2zfz8","modified":"2018-06-05T17:55:07.982+02:00","checksum":"35605037744"} |
| Source of data |
librisxl |
| 887 ## - NON-MARC INFORMATION FIELD |
| Content of non-MARC field |
{"@id":"15bzdz862nsrdhx","modified":"2014-12-08T10:17:44+01:00","checksum":"38354787556"} |
| Source of data |
librisxl |
| 887 ## - NON-MARC INFORMATION FIELD |
| Content of non-MARC field |
{"@id":"049xcx755f03n4x","modified":"2002-10-30T10:52:42+01:00","checksum":"36463203187"} |
| Source of data |
librisxl |
| 887 ## - NON-MARC INFORMATION FIELD |
| Content of non-MARC field |
{"@id":"37d1g1b83c7qhdf","modified":"2011-11-02T09:35:13+01:00","checksum":"47650146244"} |
| Source of data |
librisxl |
| 887 ## - NON-MARC INFORMATION FIELD |
| Content of non-MARC field |
{"@id":"7cj5l5gd2g4m2l2","modified":"2018-06-05T17:55:08.009+02:00","checksum":"30846981722"} |
| Source of data |
librisxl |
| 887 ## - NON-MARC INFORMATION FIELD |
| Content of non-MARC field |
{"@id":"9flfvvbg4kp5k8d","modified":"2005-04-22T11:20:47+02:00","checksum":"30328903668"} |
| Source of data |
librisxl |
| 887 ## - NON-MARC INFORMATION FIELD |
| Content of non-MARC field |
{"@id":"26c0f09701f75wb","modified":"2018-06-05T17:55:07.992+02:00","checksum":"39887405151"} |
| Source of data |
librisxl |
| 887 ## - NON-MARC INFORMATION FIELD |
| Content of non-MARC field |
{"@id":"48f2h2c958k8l3p","modified":"2018-06-05T17:55:07.998+02:00","checksum":"37188470057"} |
| Source of data |
librisxl |
| 887 ## - NON-MARC INFORMATION FIELD |
| Content of non-MARC field |
{"@id":"59hbjmvb01wfhc3","modified":"2006-01-30T13:05:50+01:00","checksum":"38934336652"} |
| Source of data |
librisxl |
| 887 ## - NON-MARC INFORMATION FIELD |
| Content of non-MARC field |
{"@id":"59g3j3db323b2r8","modified":"2009-09-24T13:54:57+02:00","checksum":"31683654516"} |
| Source of data |
librisxl |
| 887 ## - NON-MARC INFORMATION FIELD |
| Content of non-MARC field |
{"@id":"6bh4k4fc5kcdwxj","modified":"2018-06-05T17:55:08.005+02:00","checksum":"34487461900"} |
| Source of data |
librisxl |
| 942 ## - ADDED ENTRY ELEMENTS (KOHA) |
| Source of classification or shelving scheme |
|
| Koha item type |
Books |